Quantity Surveyor (Record no. 118831)
[ view plain ]
| 000 -LEADER | |
|---|---|
| fixed length control field | 00794cas a22002295a 4500 |
| 001 - CONTROL NUMBER | |
| control field | L130991 |
| 008 - FIXED-LENGTH DATA ELEMENTS--GENERAL INFORMATION | |
| fixed length control field | 050920d19561983xxkbr p 0 a0eng u |
| 035 ## - SYSTEM CONTROL NUMBER | |
| System control number | (Sirsi) u130991 |
| 041 0# - LANGUAGE CODE | |
| Language code of text/sound track or separate title | eng |
| 110 2# - MAIN ENTRY--CORPORATE NAME | |
| Corporate name or jurisdiction name as entry element | Institute of Quantity Surveyors |
| 9 (RLIN) | 2491 |
| 245 00 - TITLE STATEMENT | |
| Title | Quantity Surveyor |
| Remainder of title | The Journal of the Institute of Quantity Surveyors |
| 260 ## - PUBLICATION, DISTRIBUTION, ETC. | |
| Place of publication, distribution, etc. | London |
| Name of publisher, distributor, etc. | IQS |
| Date of publication, distribution, etc. | 1956-1983 |
| 362 ## - DATES OF PUBLICATION AND/OR SEQUENTIAL DESIGNATION | |
| Dates of publication and/or sequential designation | 13(1) July/August 1956-38(14) February 1983 |
| 362 0# - DATES OF PUBLICATION AND/OR SEQUENTIAL DESIGNATION | |
| Dates of publication and/or sequential designation | 13(5) March/April 1957-38(13) January 1983 |
| 362 0# - DATES OF PUBLICATION AND/OR SEQUENTIAL DESIGNATION | |
| Dates of publication and/or sequential designation | 13(6) May/June 1957-35(4) December 1978 (incomplete holdings) |
| 554 ## - | |
| -- | Six per year |
| 651 #4 - SUBJECT ADDED ENTRY--GEOGRAPHIC NAME | |
| Geographic name | United Kingdom |
| Chronological subdivision | |
| 690 ## - LOCAL SUBJECT ADDED ENTRY--TOPICAL TERM (OCLC, RLIN) | |
| Topical term or geographic name as entry element | Quantity surveying |
| 9 (RLIN) | 6263 |
| 780 00 - PRECEDING ENTRY | |
| Title | The Journal of the Institute of Quantity Surveyors |
| 785 00 - SUCCEEDING ENTRY | |
| Title | The Chartered Quantity Surveyor |
| 942 ## - ADDED ENTRY ELEMENTS (KOHA) | |
| Suppress in OPAC | 0 |
| Withdrawn status | Lost status | Source of classification or shelving scheme | Damaged status | Not for loan | Home library | Current library | Shelving location | Date acquired | Total Checkouts | Full call number | Barcode | Date last seen | Price effective from | Koha item type |
|---|---|---|---|---|---|---|---|---|---|---|---|---|---|---|
| Dewey Decimal Classification | London | London | Basement | 20/09/2005 | QUANTITY SURVEYOR | 130991-1001 | 06/08/2019 | 06/08/2019 | Journal |